|
|
|
|
| LEADER |
00000nab a2200000 4500 |
| 001 |
vtls011995800 |
| 003 |
SK-MaSNL |
| 005 |
20260305042035.0 |
| 008 |
201005|2002 xo |||| ||an ||00 0|slo |
| 015 |
|
|
|a SNBRB2020/10
|
| 040 |
|
|
|a SPKCL
|b slo
|e rda
|
| 041 |
|
|
|a slo
|b slo
|
| 044 |
|
|
|a xo
|c SK
|
| 072 |
|
7 |
|a 376
|x Výchova a vzdelávanie zvláštnych skupín osôb
|2 konspekt
|
| 080 |
|
|
|a 37.043.2:376
|2 2011
|
| 100 |
1 |
|
|a Vančová, Alica
|4 aut
|9 21083
|
| 245 |
1 |
0 |
|a Školská integrácia žiakov s postihnutiami a narušeniami - aktuálny stav a perspektívy
|b integrované a inkluzívne vzdelávanie
|c Alica Vančová
|
| 336 |
|
|
|a text
|b txt
|2 rdacontent
|
| 337 |
|
|
|a počítač
|b nc
|2 rdamedia
|
| 338 |
|
|
|a online zdroj
|b cr
|2 rdacarrier
|
| 504 |
|
|
|a Obsahuje bibliografiu
|
| 546 |
|
|
|a Slovenské resumé
|
| 650 |
0 |
7 |
|a integrácia žiaka
|2 SNKPH
|9 70851
|
| 650 |
0 |
7 |
|a integrovaná výchova a vzdelávanie
|2 SNKPH
|9 67219
|
| 650 |
0 |
7 |
|a zdravotne postihnuté osoby
|2 SNKPH
|9 1249
|
| 650 |
0 |
7 |
|a špeciálni pedagógovia
|2 SNKPH
|9 83510
|
| 650 |
0 |
7 |
|a terminológia
|2 SNKPH
|9 3617
|
| 655 |
|
7 |
|a BZB
|2 SNKPH
|9 1080216
|
| 773 |
0 |
|
|t Paedagogica specialis XXI : Acta facultatis paedagogicae (online)
|d Bratislava : Univerzita Komenského Bratislava, 2002
|g S.243-260
|z 9788022328623
|
| 856 |
4 |
1 |
|u http://alis.uniba.sk/storage/uk/pdf/acta/ID_302_116374.pdf
|
| 958 |
|
|
|a NB
|
| 999 |
|
|
|c 3346026
|d 3347956
|